000 00321nam a22001457a 4500
008 210506b ||||| |||| 00| 0 eng d
020 _a9781133308409
041 _aeng
080 _211th
_a343.9
082 _a343.9
100 _a13
101 _aKRI
245 _aCriminal Procedure
_cKevin Buckler
942 _2udc
_cBK
999 _c57085
_d57085